Jusqu'où irez vous ? #30 (Culture Générale) - Statistiques

Statistiques générales
  • Ce quiz a été pris 222 fois
  • Le résultat moyen est 7 sur 20
Statistiques - réponses
Hint Réponse % Correct
Tapez les deux premières lettres d'un des 20 noms de famille les plus courants en France, par nombre de personnes nées en France sur cent ans, entre 1891 et 1990 MArtinBErnard THomas PEtit RObert RIchard DUrand DUbois MOreau LAurent SImon MIchel LEfebvre LEroy ROux DAvid BErtrand MOrel FOurnier GIrard
99%
Tapez les deux premières lettres d'un des 19 pays qui ont l'altitude moyenne la plus élevée (données The World Factbook 2017) TAdjikistan KIrghizistan NEpal BHoutan LEsotho ANdorre AFghanistan CHili CHine ARménie RWanda PErou MOngolie BUrundi GEorgie SUisse ÉThiopie IRan LIban
93%
Tapez les deux premières lettres d'un des 18 premiers mots de l'article premier de la DÉCLARATION UNIVERSELLE DES DROITS DE L’HOMME (du Document officiel en vf) - (un indice : HOmme n'est pas en bonne réponse) TOus LEs ETres HUmains NAissent LIbres ET EGaux EN DIgnité ET EN DRoits. ILs SOnt DOués DE RAison
89%
Tapez les deux premières lettres d'un des 17 premiers mots de la chanson "Ça (c’est vraiment toi)" de Téléphone (1982) QUelqueCHose EN TOi
NE TOurne PAs
ROnd
UN JE NE SAis
QUoi
QUi ME LAisse COn
79%
Tapez les deux premières lettres d'un des 16 synonymes du mot AUDITION d'après le site synonymo.fr autre que oreille EBaucheACoustique ECoute EMission EPreuve COncert CRitère ESsai EXercice INspection ORal OUïe PErception SChibboleth SEns TEst
71%
Tapez les deux premières lettres d'un des 14 allergènes alimentaires actuelles à déclaration obligatoire inco (souplesse dans la réponse avec quelques types-in ajoutés aux 14 allergènes quand c'est dans un groupe d'aliment) CEréales contenant du GLutenCRustacés Œufs POisson CAcahuètes / ARachides SOja LAit NOix / FRruits à COque CEleri MOutarde GRaines de SEsame DIoxyde de soufre et SUlfites LUpin MOllusques CRabe CRevette ÉCrevisse HOmard LAngoustine AVoine BlL ÉPeautre, KAmut et leurs souches hybridées ORge SEigle Amande Noisette Pistache Boulot Calamar Escargot Huitre Moule Palourde Pétoncle Pieuvre
56%
Tapez les deux premières lettres d'une des 15 villes françaises placé entre la 16e et la 30e des villes les plus peuplées en France (en 2023 intra-muros, hors agglomération) VIlleurbanneDIjon ANgers GRenoble ST Denis (Réunion) NImes AIx-en-Provence ST Denis CLermont-Ferrand LE MAns BRest TOurs AMiens ANnecy LImoges
56%
Tapez les deux premières lettres d'une des 13 colonies frontalières (Etats US aujourd'hui) faisant partie de l'Empire britannique en Amérique septentrionale et qui donnèrent naissance aux États-Unis d'Amérique VIrginieMAssachusetts NEw Hampshire MAryland COnnecticut RHode Island DElaware CAroline du Nord CAroline du Sud NEw Jersey NEw York PEnnsylvanie GEorgie
43%
Tapez les deux premières lettres d'un des 12 apôtres, disciples choisis par Jésus de Nazareth PIerreANdré JAcques dit le Majeur JEan PHilippe BArthélémy THomas MAtthieu JAcques JUde appelé aussi THaddée SImon surnommé le Zélote JUdas l'Iscariote
40%
Tapez les deux premières lettres d'un des 11 prénoms d'un footballeur français titulaire en finale de l'euro 1984 JOël batsPAtrick battiston MAxime bossis YVon le roux JEan-François domergue JEan tigana LUis fernandez MIchel platini ALain giresse BErnard lacombe BRuno bellone
27%
Tapez les deux premières lettres du nom d'un des 10 éléments chimiques qui a un numéro atomique entre 1 et 10 inclus (le nom pas le symbole) HYdrogène HElium LIthium BEryllium BOre CArbone AZote OXygène FLuor NEon
23%
Tapez les deux premières lettres d'une des 9 muses dans la mythologie grecque (neuf filles de Zeus et de Mnémosyne qui président aux arts libéraux) CAlliopeCLio ÉRato EUterpe MElpomène POlymnie TErpsichore THalie URanie
12%
Tapez les deux premières lettres d'un des 8 prénoms de joueuses de Tennis placées aux 8 premières places du classement WTA au passage à l'an 2000 MArtina hingis LIndsay davenport VEnus williams SErena williams MAry pierce MOnica seles NAthalie tauziat BArbara schett
9%
Tapez les deux premières lettres d'un des 6 synonymes de bestial d'après le site synonymo.fr ANimal BRutal CRuel INhumain LUbrique SAuvage
4%
Tapez les deux premières lettres d'un des 7 prénoms de personnages principaux de la série TV Sept à la maison (ceux de la famille Camden du départ) ERicANnie ROsie LUcy MAtt SImon MAry
4%
Tapez les deux premières lettres d'un des 5 pays ayant le plus gros PIB nominal par habitant d'après le FMI en 2021 LUxembourgIRlande SUisse NOrvège ETats Unis (USa)
3%
Tapez les deux premières lettres d'un des 4 noms (mots) généralement retenu à l'époque moderne pour désigner les cavaliers de l'Apocalypse (ils représentent des fléaux qui frappent l’humanité) MOrtFAmine GUerre COnquête (ÉVangélisation)
1%
Tapez les deux premières lettres d'un des 3 matériaux des maisons des Trois petits cochons dans la version de Walt Disney PAilleBOis BRiques
1%
Tapez les deux premières lettres du seul antonyme de nauséabond d'après le site Antonyme.org APpétissant
0%
Tapez les deux premières lettres du prénom d'un des 2 acteurs qui s'affrontent en duel à la fin du film "Il était une fois dans l'Ouest" (1968) HEnry fondaCHarles bronson
0%
Aucun quiz correspondant
Distribution des résultats
% des personnes avec chaque résultat
Percentile par nombre de réponses
Votre historique - résultats
Vous n’avez pas pris ce quiz